|
|
|
|
| LEADER |
00000cam a2200000 a 4500 |
| 001 |
vtls008179494 |
| 003 |
SK-MaSNL |
| 005 |
20260302074035.0 |
| 008 |
251029s2002 xr g 001 0 cze |
| 020 |
|
|
|a 8086429040
|q (brož.)
|
| 035 |
|
|
|a SPKKN15901
|
| 040 |
|
|
|a SNK
|b slo
|c SNK
|e AACR2
|
| 041 |
1 |
|
|a cze
|h eng
|
| 044 |
|
|
|a xr
|c CZ
|
| 072 |
|
7 |
|a 316
|x Sociológia
|2 konspekt
|
| 080 |
|
|
|a 316
|2 2001
|
| 080 |
|
|
|a 316.257
|2 2001
|
| 080 |
|
|
|a (048.8)
|2 2001
|
| 100 |
1 |
|
|a Mills, Charles Wright,
|d 1916-1962
|4 aut
|9 739178
|
| 240 |
1 |
4 |
|a The sociological imagination
|l Česky
|
| 245 |
1 |
0 |
|a Sociologická imaginace
|c Charles Wright Mills ; s novým doslovem Todda Gitlina ; přeložil Václav Dušek
|
| 250 |
|
|
|a Vyd. 1.
|
| 260 |
|
|
|a Praha
|b Sociologické nakladatelství
|c 2002
|
| 300 |
|
|
|a 310 s.
|c 21 cm
|
| 490 |
1 |
|
|a Most
|v sv. 2
|
| 500 |
|
|
|a Prel. z angl.
|
| 504 |
|
|
|a Obsahuje bibliogr. a reg.
|
| 650 |
0 |
7 |
|a sociológia
|2 SNKPH
|9 1010
|
| 650 |
0 |
7 |
|a radikálna sociológia
|2 SNKPH
|9 121553
|
| 650 |
0 |
7 |
|a Sociology
|2 SNKPHeng
|9 265226
|
| 650 |
0 |
7 |
|a Radical sociology
|2 SNKPHeng
|9 739179
|
| 655 |
|
7 |
|a štúdie
|2 SNKPH
|9 57033
|
| 655 |
|
7 |
|a Studies
|2 SNKPHeng
|9 265573
|
| 700 |
1 |
|
|a Dušek, Václav,
|d 1944-
|4 trl
|9 226582
|
| 700 |
1 |
|
|a Gitlin, Todd,
|d 1943-
|4 aft
|9 739180
|
| 830 |
|
0 |
|a Most (Sociologické nakladatelství)
|9 739181
|
| 918 |
|
|
|a 80-86429-04-0
|
| 999 |
|
|
|c 1163391
|d 1165321
|
| 952 |
|
|
|a SNK
|b SNK
|y VYP
|7 0
|p 17A0618260
|o snkIC 137577
|i snk2009/6453
|8 4
|g 11.92
|0 0
|1 0
|4 0
|d 2008-12-11
|l 0
|r 2026-02-24 20:40:18
|w 2026-02-24
|